00291nam a2200109Ia 4500008004100000041001200041082001100053100001400064245009000078260000600168650000700174221030s9999 xx 000 0 und d aEnglish a105.23 aD. Taylor 0aManufacturing Operations & Supply Chain Management - The Lean Approachcby D. Taylor c0 aMb